000
00327nam a2200133Ia 4500
008
200103s9999||||xx |||||||||||||| ||und||
040
_a
IMU-MPC
082
_a
Column-31
100
_a
Hannah, J. and Hillier, M. J.
245
0
_a
Applied Mechanics
260
_b
Pitman Publishing, London
_c
1971
300
_a
ix, 445
942
_c
BK
999
_c
7458
_d
7458